[Event "CP-2012-P-00048"]
[Site "LSS email"]
[Date "2012.10.01"]
[Round "?"]
[White "Palla, Vit"]
[Black "Kelemen, Gyorgy"]
[Result "0-1"]
[WhiteElo "1099"]
[BlackElo "1778"]
[PlyCount "56"]
[EventDate "2012.10.05"]
[EventType "tourn (corr)"]
[EventRounds "6"]
[EventCountry "GER"]
[SourceTitle "Telechess CBM 161"]
[Source "ChessBase"]
[SourceDate "2014.07.16"]
[SourceVersion "1"]
[SourceVersionDate "2014.07.16"]
[SourceQuality "1"]

1. d4 Nf6 2. c4 g6 3. Nc3 Bg7 4. e4 d6 5. Nf3 0-0 6. Be2 e5 7. d5 Nh5 8. g3 Nf6 9. Be3 Ng4 10. Bg5 f6 11. Bd2 f5 12. 0-0 Nf6 13. exf5 gxf5 14. c5 e4 15. Ng5 dxc5 16. Qb3 Kh8 17. Bf4 a6 18. Rfd1 b5 19. a4 b4 20. Ne6 Bxe6 21. dxe6 Qe8 22. Nd5 Nxd5 23. Qxd5 Nc6 24. Bxc7 Bxb2 25. Rab1 Bd4 26. e7 Rf6 27. Bd6 Qd7 28. Bh5 Rxd6 0-1